|
|
|
|
| LEADER |
00000nab a2200000 a 4500 |
| 001 |
vtls000497893 |
| 003 |
SK-MaSNL |
| 005 |
20260304082714.0 |
| 008 |
250424c1993 xo 0 slo |
| 015 |
|
|
|a SNBRB19rr/mm-uuuuu
|
| 035 |
|
|
|a CL0498031
|
| 035 |
|
|
|a urn:nbn:sk:snk-abdoow
|
| 035 |
|
|
|a (urnnbn)urn:nbn:sk:snk:ar-003uq0
|
| 035 |
|
|
|a (uuid)baeb66b9-28e2-47c1-a361-d9e7b6f1753d
|
| 040 |
|
|
|a SNKBUCL
|b slo
|c SNKBUCL
|e AACR2
|
| 041 |
0 |
|
|a slo
|
| 044 |
|
|
|a xo
|c SK
|
| 080 |
|
|
|a 638.1-051
|2 1981
|
| 080 |
|
|
|a 371.124:93
|2 1981
|
| 080 |
|
|
|a 929 Milla, Ján
|2 1981
|
| 100 |
1 |
|
|a Čižmárik, Jozef,
|d 1943-
|4 aut
|9 106710
|
| 245 |
1 |
0 |
|a Ján Milla
|c Jozef Čižmárik
|
| 300 |
|
|
|b Fotogr. 1
|
| 600 |
1 |
7 |
|a Milla, Ján,
|d 1920-1986
|2 snkbucl
|9 218775
|
| 655 |
|
7 |
|a profily
|2 snkbucl
|9 341977
|
| 655 |
|
7 |
|a články z novín a časopisov
|2 snkbucl
|9 267496
|
| 773 |
0 |
|
|t Včelár
|g Roč. 67, č. 10 (1993), s. 160
|x 0139-6064
|
| 850 |
|
|
|a Slovenská národná knižnica
|
| 852 |
|
|
|a Slovenská národná knižnica
|
| 954 |
|
|
|a odborná, vedecká literatúra pôvodná (slovenská)
|2 lita
|
| 958 |
|
|
|a article19
|
| 958 |
|
|
|a OND
|
| 958 |
|
|
|a BX
|
| 958 |
|
|
|a RK
|
| 958 |
|
|
|a EUIPO
|
| 992 |
|
|
|a RBX
|
| 999 |
|
|
|c 2797917
|d 2799847
|